Elektronické obchodování a velké evropské banky

Zmeny súvisiace s rozvojom elektronického obchodovania. Dopad vstupu nových bankových spoločností. Bezpečnosť elektronického bankovníctva. Veľké európske banky využívajú skúsenosti z USA a Škandinávie. Rozvoj novej ekonomiky v Európe.

Enregistré dans:
Détails bibliographiques
Format: Chapitre de livre
Langue:tchèque
Sujets:
Tags: Ajouter un tag
Pas de tags, Soyez le premier à ajouter un tag!

MARC

LEADER 00000naa a2200000 4500
001 r041671
005 20231004072048.8
041 0 |a cze 
044 |a CZ 
245 1 0 |a Elektronické obchodování a velké evropské banky 
520 |a Zmeny súvisiace s rozvojom elektronického obchodovania. Dopad vstupu nových bankových spoločností. Bezpečnosť elektronického bankovníctva. Veľké európske banky využívajú skúsenosti z USA a Škandinávie. Rozvoj novej ekonomiky v Európe. 
610 2 0 |a bankovníctvo elektronické 
610 2 0 |a obchod elektronický 
610 2 0 |a banky 
610 2 0 |a Európa 
610 2 0 |a bezpečnosť